00502nam a2200157Ia 4500003000900000008004100009040001600050080001500066100001500081245011900096260004200215300001000257500002600267650003200293650001900325IN-BaIIA211028s9999 xx 000 0 eng d cIIA Library a92:52bLEO aReidel, A. 0aArt, science and technology, the genius of leonardocA. Reidel  aDordrechtbD. Reidel Publishingc1974 a133p. aDonated by Mrs. Bappu aBiography-Leonardo Da Vinci aNASA Thesaurus